Od konfrontácie k dialógu : křižovatky křesťanstva a filozofie / Ladislav Lencz
Record details
- ISBN: 80-85487-08-X
- Physical Description: 141 s. ; 21 cm
- Edition: 1. vyd.
- Publisher: Bratislava : Nové mesto, 1992
Content descriptions
| General Note: | Karel Šprunk : Teologické texty. 8/6, 214-215 |
Search for related items by subject
Available copies
- 1 of 1 copy available at Common Catalog SPOK.
Holds
- 0 current holds with 1 total copy.
Show Only Available Copies
| Location | Call Number / Copy Notes | Barcode | Shelving Location | Status | Due Date |
|---|---|---|---|---|---|
| Jabok Library | FL-3/Le | 424480005542 | Odborná literatura | Available | - |
| LDR | 01511cam a22004577a 4500 | ||
|---|---|---|---|
| 001 | 8489 | ||
| 003 | CZ-PrJAB | ||
| 005 | 20170327090708.0 | ||
| 007 | ta | ||
| 008 | 950628s1992 xo |||||r|||||||| ||slo|d | ||
| 020 | . | ‡a80-85487-08-X | |
| 035 | . | ‡a(CZ PrSKC)etf000098527 | |
| 040 | . | ‡aABD027 ‡bcze ‡cABD027 ‡dABD027 ‡dABD067 | |
| 080 | . | ‡a23/28:1 | |
| 100 | 1 | . | ‡aLencz, Ladislav, ‡d1927- ‡7skuk0003682 ‡4aut |
| 245 | 1 | 0. | ‡aOd konfrontácie k dialógu : ‡bkřižovatky křesťanstva a filozofie / ‡cLadislav Lencz |
| 250 | . | ‡a1. vyd. | |
| 260 | . | ‡aBratislava : ‡bNové mesto, ‡c1992 | |
| 300 | . | ‡a141 s. ; ‡c21 cm | |
| 500 | . | ‡aKarel Šprunk : Teologické texty. 8/6, 214-215 | |
| 650 | 0 | 7. | ‡aaugustinizmus ‡2ctt |
| 650 | 0 | 7. | ‡aevoluce ‡2ctt |
| 650 | 0 | 7. | ‡aHeidegger, Martin, 1889-1976 ‡2ctt |
| 650 | 0 | 7. | ‡aKant, Immanuel, 1724-1804 ‡2ctt |
| 650 | 0 | 7. | ‡akřesťanský existencializmus ‡2ctt |
| 650 | 0 | 7. | ‡akřesťanství a filozofie ‡2ctt |
| 650 | 0 | 7. | ‡aPlatón, 427-347 př.Kr. ‡2ctt |
| 650 | 0 | 7. | ‡aSartre, Jean Paul, 1905-1980 ‡2ctt |
| 650 | 0 | 4. | ‡akřesťanství a filosofie |
| 650 | 0 | 7. | ‡aexistencialismus ‡7ph117190 ‡2czenas |
| 650 | 0 | 4. | ‡aevoluce |
| 910 | . | ‡aABG312 | |
| 901 | . | ‡a8489 ‡bUnknown ‡c8489 ‡tbiblio | |